La crise anglaise (Record no. 142635)

MARC details
000 -LEADER
campo de control de longitud fija 00562nam a2200157 i 4500
001 - NÚMERO DE CONTROL
campo de control 142635
003 - IDENTIFICADOR DE NÚMERO DE CONTROL
campo de control ES-MaACL
005 - FECHA Y HORA DE LA ÚLTIMA TRANSACCIÓN
campo de control 20230906200559.0
007 - CAMPO FIJO DE DESCRIPCIÓN FÍSICA--INFORMACIÓN GENERAL
campo de control de longitud fija t|
008 - DATOS DE LONGITUD FIJA--INFORMACIÓN GENERAL
campo de control de longitud fija 071009s1908 fr ||||1| fre d
100 1# - ENTRADA PRINCIPAL--NOMBRE DE PERSONA
Nombre de persona Viallate, Achille.
9 (RLIN) 114274
245 13 - MENCIÓN DEL TÍTULO
Título La crise anglaise
Resto del título : le mouvement imperialiste, l'evolution economique et financiere, la plus-grande Bretagne et la federation britanique /
Mención de responsabilidad, etc. Achille Viallate.
260 ## - PUBLICACIÓN, DISTRIBUCIÓN, ETC.
Lugar de publicación, distribución, etc. [S.l. :
Nombre del editor, distribuidor, etc. s.n.],
Fecha de publicación, distribución, etc. 1908 (
Lugar de fabricación/manufactura Fontenay-aux-Roses :
Fabricante Bellemand)
300 ## - DESCRIPCIÓN FÍSICA
Extensión XI, 329 p. ;
Dimensiones 18 cm.
852 ## - LOCALIZACIÓN
Ubicación ES-MaACL
Número de control de estantería D-1994
Holdings
Estatus retirado Estado de pérdida Estado de daño No para préstamo Biblioteca de origen Biblioteca actual Ubicación en estantería Fecha de adquisición Fuente de adquisición Total de préstamos Signatura topográfica completa Código de barras Visto por última vez Precio de reemplazo Tipo de ítem Koha
        Biblioteca del Ateneo de Madrid Biblioteca del Ateneo de Madrid Sala Valle Inclán 17/01/2008     D-1994 901148411 23/02/2023 23/02/2023 Libro impreso